The Novelist´s Magazine (Record no. 7986)

MARC details
000 -CABECERA
campo de control de longitud fija 01273nam a2200229 a 4500
001 - NÚMERO DE CONTROL
campo de control BRCA_8318
005 - FECHA Y HORA DE LA ÚLTIMA TRANSACCIÓN
campo de control 20190320210226.0
008 - DATOS DE LONGITUD FIJA--INFORMACIÓN GENERAL
campo de control de longitud fija 250614m17801788enka###g##---#001-0#eng-#
041 ## - CÓDIGO DE LENGUA
Código de lengua del texto/banda sonora o título independiente eng
044 ## - CÓDIGO DEL PAÍS DE LA ENTIDAD EDITORA/PRODUCTORA
Código MARC del país enk
050 #4 - SIGNATURA TOPOGRÁFICA DE LA BIBLIOTECA DEL CONGRESO
Número de clasificación PZ1
Número de documento/Ítem .N6 1780
245 10 - MENCIÓN DE TÍTULO
Título The Novelist´s Magazine
260 ## - PUBLICACIÓN, DISTRIBUCIÓN, ETC.
Lugar de publicación, distribución, etc. Londres
Nombre del editor, distribuidor, etc. Harrison & Co.
Fecha de publicación, distribución, etc. 1780-1788
300 ## - DESCRIPCIÓN FÍSICA
Extensión 11 v.
Otras características físicas il.
Dimensiones 22 cm.
500 ## - NOTA GENERAL
Nota general Once volúmenes diferentes de una misma serie inventariados por el Banco de México como un sólo libro
500 ## - NOTA GENERAL
Nota general Estado físico: los volúmenes 2, 3, 6 y 13 con tapas y lomo rotos sujetados por un lazo
500 ## - NOTA GENERAL
Nota general R8
505 0# - NOTA DE CONTENIDO CON FORMATO
Nota de contenido con formato v.2 Solyman and Almena and other stories (1780).-- v.3 The tales of the Genii and Tom Jones (1781).-- v.4 Gil Blas and Robinson Crusoe (1781).-- v.6 Peregrine Pickle and Marmontel´s tales (1782).-- v.7 The fortunate Country Maid (1782).-- v.11 The fifth, sixth and seventh volumes of Sir Charles Grandison (1783).-- v.13 Betsy Thoughtlefs and the persian tales (1784).-- v.14 The first, second, third and fourth volumes of Clarissa (1784).-- v.16 Avellanedas Quixote (1784).-- v.18 The arabian nights enterteinments (1785).-- v.23 Rosselas, prince of Abissinia
650 14 - PUNTO DE ACCESO ADICIONAL DE MATERIA--TÉRMINO DE MATERIA
Término de materia o nombre geográfico como elemento de entrada Cuentos juveniles
Subdivisión de forma Antologías
9 (RLIN) 20773
902 ## - CATALOGADOR
Iniciales GFM
942 ## - ELEMENTOS DE PUNTO DE ACCESO ADICIONAL (KOHA)
Fuente del sistema de clasificación o colocación Library of Congress Classification
Tipo de ítem Koha Libros
Holdings
Estado de retiro Estado de pérdida Estado dañado No para préstamo Localización permanente Ubicación/localización actual Fecha de adquisición Número de inventario Total de préstamos Signatura topográfica completa Código de barras Fecha visto por última vez Precio válido a partir de Tipo de ítem Koha
El ejemplar forma parte de la colección y puede ser consultado según las políticas vigentes.       Biblioteca del Museo Franz Mayer (Rogerio Casas-Alatriste) Biblioteca del Museo Franz Mayer (Rogerio Casas-Alatriste) 25/06/2014 R8   PZ1 .N6 1780 (R8) 8942 22/03/2019 22/03/2019 Libros